[Event "Belgrade Cup"]
[Site "Belgrade"]
[Date "2024.05.12"]
[Round "5.7"]
[White "Bjelanovic, Mile"]
[Black "Skaric, Djuro"]
[Result "0-1"]
[WhiteElo "2015"]
[BlackElo "2297"]
[PlyCount "112"]
[EventDate "2024.05.10"]
[EventType "team-tourn"]
[EventRounds "5"]
[EventCountry "SRB"]
[SourceTitle "CB20_2024"]
[SourceDate "2024.05.16"]
[SourceVersion "1"]
[SourceVersionDate "2024.05.16"]
[SourceQuality "1"]
[WhiteTeam "Belgrade Napredak"]
[BlackTeam "Mirijevo"]
[WhiteTeamCountry "SRB"]
[BlackTeamCountry "SRB"]

1. e4 g6 2. d4 Bg7 3. Nf3 d6 4. h3 a6 5. a4 Nd7 6. Bc4 e6 7. Bg5 Ne7 8. 0-0 h6 9. Be3 d5 10. exd5 Nb6 11. Bb3 Nbxd5 12. Bd2 Nf5 13. Nc3 0-0 14. Nxd5 exd5 15. Bf4 Be6 16. Re1 c5 17. c3 cxd4 18. Nxd4 Nxd4 19. cxd4 Re8 20. a5 Rc8 21. Qd2 g5 22. Be5 Bf8 23. Ba4 Bd7 24. Bxd7 Qxd7 25. Qd3 Rc6 26. Rec1 Rec8 27. Rxc6 Rxc6 28. Qb3 f6 29. Bg3 Rc4 30. Qd3 Kf7 31. b3 Rc6 32. Qh7+ Bg7 33. Re1 Qc8 34. h4 Rc1 35. f3 Qc3 36. Rxc1 Qxc1+ 37. Kh2 gxh4 38. Bxh4 Qf4+ 39. Bg3 Qxd4 40. Qf5 Bf8 41. Qd7+ Kg6 42. Qxb7 Bc5 43. Kh3 Qd3 44. Kh2 Qf5 45. Bb8 Bf2 46. g3 Qxf3 47. Qc8 Be3 48. Qg8+ Kf5 49. Qc8+ Kg5 50. Qg8+ Kh5 51. Qf7+ Kg4 52. Qg6+ Bg5 53. Qc2 d4 54. Qc8+ f5 55. Qxa6 Qf2+ 56. Kh1 Kh3 0-1

[Event "Belgrade Cup"]
[Site "Belgrade"]
[Date "2024.05.11"]
[Round "2.3"]
[White "Skaric, Djuro"]
[Black "Djurasevic, Branislav"]
[Result "1/2-1/2"]
[WhiteElo "2297"]
[BlackElo "1993"]
[PlyCount "73"]
[EventDate "2024.05.10"]
[EventType "team-tourn"]
[EventRounds "5"]
[EventCountry "SRB"]
[SourceTitle "CB20_2024"]
[SourceDate "2024.05.16"]
[SourceVersion "1"]
[SourceVersionDate "2024.05.16"]
[SourceQuality "1"]
[WhiteTeam "Mirijevo"]
[BlackTeam "Mirijevo II"]
[WhiteTeamCountry "SRB"]
[BlackTeamCountry "SRB"]

1. e4 c5 2. Nc3 Nc6 3. g3 g6 4. Bg2 Bg7 5. d3 e6 6. Bf4 d6 7. Qd2 a6 8. Nge2 b5 9. a3 Bb7 10. h4 h5 11. Nd1 Nge7 12. Be3 Nd4 13. Rb1 Nxe2 14. Qxe2 Rc8 15. g4 d5 16. gxh5 Rxh5 17. Bf3 dxe4 18. dxe4 Rh7 19. Bg5 Bh6 20. Ne3 Bxg5 21. hxg5 Rxh1+ 22. Bxh1 Qc7 23. Qg4 Qh2 24. Ke2 Nc6 25. Rg1 Ne5 26. Qg3 Qxg3 27. Rxg3 Kf8 28. f4 Nc6 29. c3 Kg7 30. Ng4 Rh8 31. Bg2 c4 32. e5 Na5 33. Nf6 Rh2 34. Kf1 Rh4 35. Rh3 Bxg2+ 36. Kxg2 Rxh3 37. Kxh3 1/2-1/2

[Event "Titled Tuesday intern op 30th Apr Early"]
[Site "Chess.com INT"]
[Date "2024.04.30"]
[Round "7"]
[White "Laddha, Shubh Jayesh"]
[Black "Skaric, Djuro"]
[Result "1-0"]
[WhiteElo "2324"]
[BlackElo "2297"]
[PlyCount "105"]
[EventDate "2024.04.30"]
[EventType "swiss (blitz)"]
[EventRounds "11"]
[EventCountry "USA"]
[SourceTitle "CB19_2024"]
[SourceDate "2024.05.08"]
[SourceVersion "1"]
[SourceVersionDate "2024.05.08"]
[SourceQuality "1"]

1. d4 g6 2. e4 Bg7 3. Nc3 d6 4. f4 e6 5. Nf3 Ne7 6. Bd3 h5 7. e5 Nbc6 8. Ne4 a6 9. c3 Nf5 10. 0-0 h4 11. Neg5 b5 12. a4 b4 13. Be4 d5 14. Bd3 bxc3 15. bxc3 Bd7 16. Ba3 Ne3 17. Qe2 Nxf1 18. Rxf1 Bf8 19. Bc1 a5 20. Qf2 Ne7 21. Qg3 Nf5 22. Qf2 Bxa4 23. g4 hxg3 24. hxg3 Bd7 25. g4 Ng7 26. Nh4 Rxh4 27. Qxh4 Qe7 28. Bd2 a4 29. Qh8 Bc6 30. Nh7 Kd7 31. Ra1 a3 32. f5 gxf5 33. Bg5 f6 34. exf6 Qd6 35. Kg2 Nh5 36. Nxf8+ Rxf8 37. Qxh5 fxg4 38. Qxg4 Kc8 39. Qg3 Qd7 40. Rxa3 Kb7 41. Rb3+ Ka7 42. Qe1 Rg8 43. Qe5 Qd6 44. Kf3 Rf8 45. Qxd6 cxd6 46. Rb1 e5 47. Bg6 e4+ 48. Ke3 Ba4 49. f7 Bc2 50. Ra1+ Kb6 51. Be7 Rxf7 52. Bxf7 Kb5 53. Bxd5 1-0

[Event "Titled Tuesday intern op 30th Apr Early"]
[Site "Chess.com INT"]
[Date "2024.04.30"]
[Round "4"]
[White "Skaric, Djuro"]
[Black "De Boer, Eelke"]
[Result "1-0"]
[WhiteElo "2297"]
[BlackElo "2399"]
[PlyCount "59"]
[EventDate "2024.04.30"]
[EventType "swiss (blitz)"]
[EventRounds "11"]
[EventCountry "USA"]
[SourceTitle "CB19_2024"]
[SourceDate "2024.05.08"]
[SourceVersion "1"]
[SourceVersionDate "2024.05.08"]
[SourceQuality "1"]

1. g3 g6 2. Bg2 Bg7 3. d3 e5 4. Nf3 d5 5. 0-0 Ne7 6. Nc3 0-0 7. e4 c6 8. h3 h6 9. Nd2 Be6 10. Nb3 Nd7 11. f4 exf4 12. gxf4 dxe4 13. dxe4 Qb6+ 14. Kh1 f5 15. e5 Rad8 16. Qe1 c5 17. Be3 Rc8 18. Qg3 Kh7 19. Rg1 a6 20. Rad1 Qc7 21. Rd6 Bf7 22. Rgd1 Be8 23. Nd5 Nxd5 24. Bxd5 b6 25. Be6 Rd8 26. Qg2 c4 27. Nc1 g5 28. Ne2 gxf4 29. Bxf4 Bh5 30. Rxd7 1-0

[Event "Titled Tuesday intern op 30th Apr Early"]
[Site "Chess.com INT"]
[Date "2024.04.30"]
[Round "1"]
[White "Skaric, Djuro"]
[Black "Orozbaev, Eldiar"]
[Result "0-1"]
[WhiteElo "2297"]
[BlackElo "2341"]
[PlyCount "104"]
[EventDate "2024.04.30"]
[EventType "swiss (blitz)"]
[EventRounds "11"]
[EventCountry "USA"]
[SourceTitle "CB19_2024"]
[SourceDate "2024.05.08"]
[SourceVersion "1"]
[SourceVersionDate "2024.05.08"]
[SourceQuality "1"]

1. g3 d5 2. Bg2 e5 3. d3 Nf6 4. Nf3 Bd6 5. 0-0 0-0 6. h3 c6 7. Nc3 Qc7 8. e4 Nbd7 9. Ne1 dxe4 10. dxe4 Rd8 11. Qe2 b5 12. a3 a5 13. Nd3 Ba6 14. b4 axb4 15. Nxb4 Bb7 16. f4 Bxb4 17. fxe5 Nxe5 18. Bb2 Nc4 19. axb4 Nxb2 20. Rxa8 Rxa8 21. e5 Nd5 22. Nxd5 cxd5 23. Qxb5 Nc4 24. Re1 Qb6+ 25. Qxb6 Nxb6 26. e6 Re8 27. exf7+ Kxf7 28. Ra1 Ra8 29. Rf1+ Ke6 30. h4 Nc4 31. Bh3+ Kd6 32. Rf7 Bc6 33. Rxg7 d4 34. Rxh7 Ra1+ 35. Kf2 Ne3 36. Rh6+ Kc7 37. Ke2 Nxc2 38. Kd3 Ba4 39. Kc4 Rd1 40. Kc5 d3 41. Rh7+ Kd8 42. Kd6 Re1 43. Ra7 Bc6 44. Rc7 Ke8 45. Rxc6 Nd4 46. Rc8+ Kf7 47. Bg4 d2 48. Bh5+ Kg7 49. Kd5 Ne2 50. Ke5 Nxg3+ 51. Kf4 Nxh5+ 52. Kg5 d1Q 0-1

[Event "Titled Tuesday intern op 23rd Apr Late"]
[Site "Chess.com INT"]
[Date "2024.04.23"]
[Round "6"]
[White "Skaric, Djuro"]
[Black "Papayan, Oleg"]
[Result "0-1"]
[WhiteElo "2297"]
[BlackElo "2183"]
[PlyCount "144"]
[EventDate "2024.04.23"]
[EventType "swiss (blitz)"]
[EventRounds "11"]
[EventCountry "USA"]
[SourceTitle "CB18_2024"]
[SourceDate "2024.05.01"]
[SourceVersion "1"]
[SourceVersionDate "2024.05.01"]
[SourceQuality "2"]

1. g3 d5 2. Bg2 e5 3. d3 Nc6 4. Nf3 h5 5. h4 f6 6. Nc3 Be6 7. 0-0 Qd7 8. a3 Be7 9. b4 Nh6 10. e4 d4 11. Nd5 Nf7 12. Nxe7 Nxe7 13. Bb2 0-0-0 14. Qd2 Bh3 15. Rfd1 Bxg2 16. Kxg2 Qg4 17. Rh1 Ng6 18. Ng1 Nf4+ 19. Kf1 Ne6 20. Qe2 Qxe2+ 21. Kxe2 g5 22. Nf3 g4 23. Nd2 Kd7 24. Raf1 Ke7 25. Nc4 Rhg8 26. a4 Rg6 27. b5 Nd6 28. Ba3 Kf7 29. Na5 b6 30. Nc6 Ra8 31. Bxd6 cxd6 32. Ra1 Nd8 33. Nxd8+ Rxd8 34. a5 Ke6 35. Rhc1 Rg7 36. Ra4 Rc7 37. axb6 axb6 38. Kd2 Rc5 39. Rb4 Ra8 40. Rb2 Ra5 41. c3 dxc3+ 42. Rxc3 Rcxb5 43. Rcb3 Rxb3 44. Rxb3 b5 45. Ke3 d5 46. exd5+ Kxd5 47. Rb4 f5 48. Rb2 Kc5 49. Rc2+ Kd5 50. Rb2 Kc5 51. Rc2+ Kb6 52. Rc8 b4 53. Rb8+ Kc5 54. Re8 Kc6 55. Rc8+ Kb5 56. Rf8 Ka4 57. Kd2 Rc5 58. Rxf5 b3 59. Rf8 Ka3 60. Rb8 Kb2 61. Ke3 Kc2 62. d4 exd4+ 63. Kxd4 Rc7 64. Ke3 b2 65. f3 gxf3 66. Kxf3 b1Q 67. Rxb1 Kxb1 68. g4 Rc3+ 69. Kf4 Rc4+ 70. Kg5 hxg4 71. h5 g3 72. h6 g2 0-1

[Event "Titled Tuesday intern op 23rd Apr Late"]
[Site "Chess.com INT"]
[Date "2024.04.23"]
[Round "5"]
[White "Skaric, Djuro"]
[Black "Souza, Gustavo Horokoski"]
[Result "1-0"]
[WhiteElo "2297"]
[BlackElo "1939"]
[PlyCount "81"]
[EventDate "2024.04.23"]
[EventType "swiss (blitz)"]
[EventRounds "11"]
[EventCountry "USA"]
[SourceTitle "CB18_2024"]
[SourceDate "2024.05.01"]
[SourceVersion "1"]
[SourceVersionDate "2024.05.01"]
[SourceQuality "2"]

1. g3 Nf6 2. Bg2 g6 3. d3 Bg7 4. Nc3 0-0 5. e4 e5 6. f4 exf4 7. gxf4 d6 8. Nf3 Nc6 9. 0-0 Bg4 10. Be3 Re8 11. Qd2 Bxf3 12. Rxf3 Ng4 13. Kh1 Nxe3 14. Rxe3 Qf6 15. Rg3 Ne7 16. Rf1 c6 17. Nd1 Bh6 18. Rgf3 Rad8 19. Qf2 a6 20. h4 Rf8 21. Bh3 d5 22. e5 Qg7 23. Rg3 Kh8 24. Rfg1 f6 25. d4 fxe5 26. dxe5 Nf5 27. Rf3 d4 28. h5 Rd5 29. hxg6 hxg6 30. Rg4 Ne3 31. Nxe3 dxe3 32. Qxe3 Rxe5 33. Qf2 Rh5 34. Kg2 Qxb2 35. Rxg6 Rg8 36. Rxg8+ Kxg8 37. Be6+ Kh8 38. Qd2 Qg7+ 39. Rg3 Qe7 40. Rg8+ Kh7 41. Qd3+ 1-0

[Event "Titled Tuesday intern op 16th Apr Late"]
[Site "Chess.com INT"]
[Date "2024.04.16"]
[Round "9"]
[White "Leschinsky, Gary"]
[Black "Skaric, Djuro"]
[Result "1/2-1/2"]
[WhiteElo "1992"]
[BlackElo "2297"]
[PlyCount "143"]
[EventDate "2024.04.16"]
[EventType "swiss (blitz)"]
[EventRounds "11"]
[EventCountry "USA"]
[SourceTitle "CB17_2024"]
[SourceDate "2024.04.24"]
[SourceVersion "1"]
[SourceVersionDate "2024.04.24"]
[SourceQuality "1"]

1. d4 d6 2. e4 g6 3. Nc3 Bg7 4. Be3 a6 5. Qd2 Nf6 6. Be2 Nc6 7. Nf3 h5 8. h3 b5 9. 0-0 0-0 10. a3 Bb7 11. e5 dxe5 12. dxe5 Nh7 13. Qxd8 Raxd8 14. e6 f5 15. Rad1 Ne5 16. Nxe5 Bxe5 17. f4 Bg7 18. Kf2 Nf6 19. Bf3 Bc8 20. Bc5 Rxd1 21. Rxd1 Re8 22. a4 b4 23. Bxb4 Bxe6 24. Bc5 Ne4+ 25. Nxe4 fxe4 26. Bxe4 Kf7 27. b3 Bf6 28. Bd5 Bxd5 29. Rxd5 Ke6 30. Rd3 c6 31. Kf3 Rb8 32. Bd4 Rb7 33. g4 hxg4+ 34. hxg4 Bxd4 35. Rxd4 c5 36. Rd1 c4 37. bxc4 Rb4 38. c5 Rxa4 39. Rb1 Rc4 40. Rb6+ Kf7 41. c6 a5 42. Ra6 Rxc2 43. Rxa5 Rxc6 44. f5 Rc3+ 45. Kf4 Rc4+ 46. Kg5 gxf5 47. gxf5 Rc1 48. Kf4 Rf1+ 49. Ke5 Re1+ 50. Kf4 Kf6 51. Ra6+ Kf7 52. Rb6 Rf1+ 53. Ke5 Re1+ 54. Kd5 Re2 55. Rc6 Kg7 56. Re6 Rd2+ 57. Ke5 Kf7 58. Ra6 Re2+ 59. Kf4 Rf2+ 60. Kg5 Rf1 61. Rb6 Rg1+ 62. Kf4 Rf1+ 63. Ke5 Re1+ 64. Kf4 Re2 65. Ra6 Re1 66. Rc6 Rf1+ 67. Ke4 Re1+ 68. Kd5 Re2 69. Ra6 Re1 70. Rb6 Re2 71. Ra6 Re1 72. Rb6 1/2-1/2

[Event "Titled Tuesday intern op 16th Apr Early"]
[Site "Chess.com INT"]
[Date "2024.04.16"]
[Round "10"]
[White "Sierra Vallina, Lionel"]
[Black "Skaric, Djuro"]
[Result "1-0"]
[WhiteElo "2273"]
[BlackElo "2297"]
[PlyCount "121"]
[EventDate "2024.04.16"]
[EventType "swiss (blitz)"]
[EventRounds "11"]
[EventCountry "USA"]
[SourceTitle "CB17_2024"]
[SourceDate "2024.04.24"]
[SourceVersion "1"]
[SourceVersionDate "2024.04.24"]
[SourceQuality "1"]

1. Nf3 d6 2. c4 g6 3. Nc3 Bg7 4. g3 Nf6 5. Bg2 0-0 6. 0-0 Nc6 7. d4 e5 8. e4 Bg4 9. d5 Ne7 10. h3 Bd7 11. Nh4 Ne8 12. b4 h6 13. c5 f5 14. exf5 gxf5 15. Qc2 f4 16. Rd1 Nf5 17. Nxf5 Bxf5 18. Ne4 Nf6 19. cxd6 cxd6 20. Bb2 Rc8 21. Qd3 Nxe4 22. Bxe4 Bxh3 23. Rac1 Qg5 24. Rxc8 Bxc8 25. Rc1 h5 26. Rc7 h4 27. Bc1 Bh3 28. Kh2 Bg4 29. gxf4 exf4 30. Bf3 Bf5 31. Qf1 Rf6 32. Qg2 Qxg2+ 33. Kxg2 h3+ 34. Kh2 Rf8 35. Rxb7 Rc8 36. Bxf4 Rc2 37. Bg3 Be5 38. Kg1 Bxg3 39. fxg3 Rxa2 40. Rb8+ Kf7 41. Rd8 Ke7 42. Rh8 Kf6 43. g4 Ra1+ 44. Kh2 Ra2+ 45. Kg3 Bc2 46. Rxh3 Ra3 47. Rh6+ Ke5 48. Re6+ Kd4 49. Rxd6 Be4 50. Rf6 Ke5 51. Rf8 Bxd5 52. Rf5+ Ke6 53. Rxd5 Rxf3+ 54. Kxf3 Kxd5 55. Kf4 Kc4 56. g5 Kxb4 57. g6 a5 58. g7 a4 59. g8Q a3 60. Qa2 Kc3 61. Qxa3+ 1-0

[Event "Titled Tuesday intern op 16th Apr Early"]
[Site "Chess.com INT"]
[Date "2024.04.16"]
[Round "2"]
[White "Skaric, Djuro"]
[Black "Aliyev, Ravan"]
[Result "0-1"]
[WhiteElo "2297"]
[BlackElo "2352"]
[PlyCount "92"]
[EventDate "2024.04.16"]
[EventType "swiss (blitz)"]
[EventRounds "11"]
[EventCountry "USA"]
[SourceTitle "CB17_2024"]
[SourceDate "2024.04.24"]
[SourceVersion "1"]
[SourceVersionDate "2024.04.24"]
[SourceQuality "1"]

1. g3 g6 2. Bg2 Bg7 3. d3 e5 4. Nf3 Nc6 5. 0-0 Nge7 6. Nc3 d5 7. e4 0-0 8. Nd2 Be6 9. h3 Qd7 10. Kh2 Rad8 11. f4 dxe4 12. Ndxe4 b6 13. Ng5 exf4 14. Bxf4 Bd5 15. Nxd5 Nxd5 16. c3 Nxf4 17. gxf4 Ne7 18. d4 Nf5 19. Qg4 Ne3 20. Qxd7 Nxf1+ 21. Rxf1 Rxd7 22. Re1 c5 23. Bc6 Rdd8 24. d5 Bf6 25. Ne4 Kg7 26. Kg3 Be7 27. Kf3 h6 28. a4 a6 29. b3 Bh4 30. Rg1 f5 31. Nd2 b5 32. axb5 axb5 33. Ra1 Bf6 34. Rc1 Rf7 35. Nf1 Ra7 36. Rc2 Ra3 37. Bxb5 Rxd5 38. Bc4 Rd8 39. Ne3 Ra7 40. Rg2 Rad7 41. Nxf5+ Kh7 42. Rc2 gxf5 43. Be6 Rd2 44. Bxf5+ Kg7 45. Rc1 Rd1 46. Rc2 R8d2 0-1

[Event "Titled Tuesday intern op 16th Apr Late"]
[Site "Chess.com INT"]
[Date "2024.04.16"]
[Round "10"]
[White "Skaric, Djuro"]
[Black "Camacho Campusano, David Daniel"]
[Result "1-0"]
[WhiteElo "2297"]
[BlackElo "2181"]
[PlyCount "69"]
[EventDate "2024.04.16"]
[EventType "swiss (blitz)"]
[EventRounds "11"]
[EventCountry "USA"]
[SourceTitle "CB17_2024"]
[SourceDate "2024.04.24"]
[SourceVersion "1"]
[SourceVersionDate "2024.04.24"]
[SourceQuality "1"]

1. g3 Nf6 2. Bg2 d6 3. e4 e5 4. Nc3 Be6 5. h3 Qd7 6. Nf3 Nc6 7. Ng5 0-0-0 8. Nxe6 Qxe6 9. d3 Kb8 10. 0-0 h5 11. f4 exf4 12. gxf4 Nd4 13. Be3 Nc6 14. d4 Qd7 15. d5 Ne7 16. Qd4 Nc8 17. a4 h4 18. a5 Nh5 19. Ra3 Ng3 20. Re1 f5 21. e5 dxe5 22. fxe5 Bxa3 23. bxa3 g5 24. Bxg5 Rdg8 25. e6 Qd6 26. Bf4 Qxa3 27. Nb5 Rh7 28. Nxa3 a6 29. Nc4 Rhg7 30. d6 cxd6 31. Nxd6 Nxd6 32. Qxd6+ Ka8 33. e7 Ne4 34. Qd8+ Ka7 35. Be3+ 1-0

[Event "Titled Tuesday intern op 02nd Apr Late"]
[Site "Chess.com INT"]
[Date "2024.04.02"]
[Round "6"]
[White "Ambartsumova, Karina"]
[Black "Skaric, Djuro"]
[Result "1-0"]
[WhiteElo "2406"]
[BlackElo "2297"]
[PlyCount "57"]
[EventDate "2024.04.02"]
[EventType "swiss (blitz)"]
[EventRounds "11"]
[EventCountry "USA"]
[SourceTitle "CB15_2024"]
[SourceDate "2024.04.10"]
[SourceVersion "1"]
[SourceVersionDate "2024.04.10"]
[SourceQuality "1"]

1. d4 Nf6 2. c4 g6 3. Nf3 Bg7 4. g3 0-0 5. Bg2 d6 6. 0-0 c5 7. Nc3 Nc6 8. d5 Na5 9. Qd3 a6 10. Rb1 Rb8 11. b3 b5 12. e4 e5 13. Bd2 Ne8 14. Nh4 f5 15. exf5 gxf5 16. Bh3 e4 17. Qe2 Bd7 18. cxb5 axb5 19. Qh5 Nf6 20. Qg5 h6 21. Qf4 Nb7 22. Bxf5 Ne8 23. Nxe4 Bxf5 24. Nxf5 Kh7 25. Qg4 Qd7 26. Nxh6 Qxg4 27. Nxg4 Ra8 28. Ng5+ Kg6 29. Ne6 1-0

[Event "Titled Tuesday intern op 02nd Apr Late"]
[Site "Chess.com INT"]
[Date "2024.04.02"]
[Round "1"]
[White "Skaric, Djuro"]
[Black "Haydon, David Leslie"]
[Result "1-0"]
[WhiteElo "2297"]
[BlackElo "2246"]
[PlyCount "51"]
[EventDate "2024.04.02"]
[EventType "swiss (blitz)"]
[EventRounds "11"]
[EventCountry "USA"]
[SourceTitle "CB15_2024"]
[SourceDate "2024.04.10"]
[SourceVersion "1"]
[SourceVersionDate "2024.04.10"]
[SourceQuality "1"]

1. e4 c6 2. d4 d5 3. Nc3 dxe4 4. Nxe4 Bf5 5. Ng3 Bg6 6. Nf3 Nd7 7. h4 h6 8. Bd3 Bxd3 9. Qxd3 e6 10. Bf4 Ngf6 11. 0-0-0 Be7 12. Rhe1 Qa5 13. Kb1 0-0 14. Nf5 Bb4 15. c3 exf5 16. cxb4 Qxb4 17. Qxf5 Nb6 18. Bxh6 Nbd5 19. Qg5 g6 20. Bxf8 Rxf8 21. Qd2 Qb6 22. Ne5 Rd8 23. g4 Kg7 24. h5 Nc7 25. hxg6 Ne6 26. Nxf7 1-0

[Event "Titled Tuesday intern op 12th Mar Early"]
[Site "Chess.com INT"]
[Date "2024.03.12"]
[Round "7"]
[White "Bartel, Michal"]
[Black "Skaric, Djuro"]
[Result "1-0"]
[WhiteElo "2252"]
[BlackElo "2297"]
[PlyCount "113"]
[EventDate "2024.03.12"]
[EventType "swiss (blitz)"]
[EventRounds "11"]
[EventCountry "USA"]
[SourceTitle "CB12_2024"]
[SourceDate "2023.10.01"]
[SourceVersion "1"]
[SourceVersionDate "2023.10.01"]
[SourceQuality "1"]

1. e4 d6 2. g3 g6 3. Bg2 Bg7 4. Ne2 Nf6 5. d4 0-0 6. 0-0 Nc6 7. h3 e5 8. Be3 h6 9. Qd2 Kh7 10. Nbc3 Nd7 11. Rad1 Nb6 12. b3 f5 13. dxe5 dxe5 14. Qxd8 Nxd8 15. exf5 gxf5 16. Bc5 Re8 17. a4 Ne6 18. Be3 f4 19. Bc1 Ng5 20. gxf4 exf4 21. Bxf4 Nxh3+ 22. Bxh3 Bxh3 23. Rfe1 Bg4 24. Rc1 c6 25. a5 Nd7 26. Bd2 Nf6 27. Ng3 Rad8 28. Rxe8 Nxe8 29. Nce4 Nf6 30. Be3 Bf3 31. Nxf6+ Bxf6 32. Bxa7 Rg8 33. Re1 h5 34. Re6 Bd8 35. Re3 Bg4 36. Kf1 h4 37. Ne4 Kg6 38. f3 Bh3+ 39. Ke2 Bxa5 40. Nf2 Bf5 41. Bd4 Bxc2 42. Re6+ Kf7 43. Rf6+ Ke7 44. Rh6 Bxb3 45. Rh7+ Ke6 46. Rxb7 Rg2 47. Rxb3 h3 48. f4 h2 49. Rh3 Kd5 50. Be3 c5 51. Kf3 Rg8 52. Rh5+ Ke6 53. Rxc5 Be1 54. Rh5 Rg1 55. Rxh2 Bc3 56. Ne4 Ba1 57. Bxg1 1-0

[Event "Titled Tuesday intern op 12th Mar Early"]
[Site "Chess.com INT"]
[Date "2024.03.12"]
[Round "1"]
[White "Kleiman, Jake"]
[Black "Skaric, Djuro"]
[Result "1-0"]
[WhiteElo "2399"]
[BlackElo "2297"]
[PlyCount "105"]
[EventDate "2024.03.12"]
[EventType "swiss (blitz)"]
[EventRounds "11"]
[EventCountry "USA"]
[SourceTitle "CB12_2024"]
[SourceDate "2023.10.01"]
[SourceVersion "1"]
[SourceVersionDate "2023.10.01"]
[SourceQuality "1"]

1. e4 d6 2. d4 Nc6 3. Nc3 g6 4. Nf3 Bg7 5. h3 Nf6 6. Be2 0-0 7. Be3 e5 8. dxe5 dxe5 9. Bc4 h6 10. 0-0 Be6 11. Bb3 Nd7 12. Nd5 Kh7 13. Qe2 Rc8 14. Rad1 Qe8 15. Rfe1 Nb6 16. Bc5 Rg8 17. c3 f5 18. Kh2 f4 19. a4 g5 20. Nd2 Nd7 21. Ba3 h5 22. g4 a6 23. Kg2 Nf6 24. Nxf6+ Bxf6 25. Bxe6 Qxe6 26. Qc4 f3+ 27. Kg3 Qe8 28. Nxf3 Nd8 29. Qd5 Ne6 30. Qd7+ Rg7 31. Qxe8 Rxe8 32. gxh5 Nf4 33. Kg4 Rf7 34. Bc5 Kh6 35. Be3 Be7 36. Nxe5 Rf6 37. Ng6 Rxg6 38. hxg6 Kxg6 39. Bxf4 gxf4 40. Kxf4 Bg5+ 41. Kg3 Rf8 42. Rd5 Bf4+ 43. Kg2 c6 44. Rf5 Rxf5 45. exf5+ Kxf5 46. Kf3 Bd6 47. h4 Bf4 48. h5 Bh6 49. Rg1 Bf4 50. b3 b5 51. c4 bxc4 52. bxc4 Be5 53. Rg8 1-0

[Event "Titled Tuesday intern op 12th Mar Late"]
[Site "Chess.com INT"]
[Date "2024.03.12"]
[Round "1"]
[White "Lin, Bryan Enming"]
[Black "Skaric, Djuro"]
[Result "1-0"]
[WhiteElo "2111"]
[BlackElo "2297"]
[PlyCount "127"]
[EventDate "2024.03.12"]
[EventType "swiss (blitz)"]
[EventRounds "11"]
[EventCountry "USA"]
[SourceTitle "CB12_2024"]
[SourceDate "2023.10.01"]
[SourceVersion "1"]
[SourceVersionDate "2023.10.01"]
[SourceQuality "1"]

1. e4 e5 2. Nf3 Nc6 3. Nc3 Nf6 4. a3 d5 5. Bb5 d4 6. Ne2 Bd6 7. d3 h6 8. 0-0 0-0 9. h3 a6 10. Bc4 b5 11. Ba2 Be6 12. Bxe6 fxe6 13. c3 Bc5 14. Qc2 Qe7 15. b4 Bb6 16. c4 bxc4 17. Qxc4 Qd6 18. Bd2 Nd7 19. Rfc1 Ne7 20. Ng3 Rfc8 21. Nh4 Kh7 22. a4 c5 23. b5 axb5 24. axb5 Bd8 25. Ra6 Nb6 26. Qa2 Rxa6 27. bxa6 Nc6 28. Nf3 Ra8 29. Ra1 Nb4 30. Bxb4 cxb4 31. Qb3 Nd7 32. a7 Bb6 33. Ra4 Bc5 34. Nd2 Rxa7 35. Nc4 Qc6 36. Rxa7 Bxa7 37. Qxb4 Nc5 38. Nxe5 Qa4 39. Qxa4 Nxa4 40. Nc6 Bc5 41. Ne2 Nb2 42. Nexd4 Nxd3 43. Kf1 e5 44. Nb3 Bxf2 45. Ke2 Nc5 46. Nxc5 Bxc5 47. Nxe5 Bd6 48. Nd3 Bc7 49. Kf3 Kg6 50. e5 Kf5 51. g4+ Ke6 52. Ke4 g5 53. Nc5+ Ke7 54. Kf5 Kf7 55. Ne4 Bd8 56. Nd6+ Kg7 57. Nb5 Kf7 58. Nd4 Ke7 59. Nc6+ Kd7 60. Nxd8 Kxd8 61. Kg6 Ke7 62. Kxh6 Ke6 63. Kxg5 Kxe5 64. h4 1-0

[Event "Titled Tuesday intern op 09th Jan Early"]
[Site "Chess.com INT"]
[Date "2024.01.09"]
[Round "6"]
[White "Mena, Martin"]
[Black "Skaric, Djuro"]
[Result "0-1"]
[WhiteElo "2032"]
[BlackElo "2297"]
[PlyCount "56"]
[EventDate "2024.01.09"]
[EventType "swiss (blitz)"]
[EventRounds "11"]
[EventCountry "USA"]
[SourceTitle "CB03_2024"]
[SourceDate "2024.01.17"]
[SourceVersion "1"]
[SourceVersionDate "2024.01.17"]
[SourceQuality "1"]

1. c4 d6 2. d4 g6 3. e4 Bg7 4. Nc3 Nf6 5. f4 0-0 6. Nf3 c5 7. d5 e6 8. dxe6 fxe6 9. Bd3 Nc6 10. 0-0 Nd4 11. h3 Bd7 12. Be3 Nxf3+ 13. Qxf3 b6 14. Rae1 Bc6 15. Qg3 Nh5 16. Qg4 Qc8 17. f5 Nf6 18. Qg5 Nd7 19. fxg6 h6 20. Qh4 Qd8 21. Rxf8+ Nxf8 22. Qg4 Qf6 23. Rf1 Qe5 24. Kh1 h5 25. Qg5 Qxg5 26. Bxg5 Nxg6 27. Be2 Ne5 28. Bxh5 Rf8 0-1